[Event "Budapest FS06 GM"]
[Site "Budapest"]
[Date "1995.??.??"]
[Round "6"]
[White "Enders, Peter"]
[Black "Kallai, Gabor"]
[Result "1-0"]
[WhiteElo "2480"]
[BlackElo "2500"]
[Annotator "Boensch,U"]
[PlyCount "59"]
[EventDate "1995.06.??"]
[EventType "tourn"]
[EventRounds "11"]
[EventCountry "HUN"]
[EventCategory "9"]
[SourceTitle "CBM 049"]
[Source "ChessBase"]
[SourceDate "1995.12.01"]
[SourceVersion "1"]
[SourceVersionDate "1995.12.01"]
[SourceQuality "1"]

1. e4 {King} c5 2. Nf3 Nc6 3. d4 cxd4 4. Nxd4 g6 5. c4 Bg7 6. Be3 Nf6 7. Nc3
Ng4 8. Qxg4 Nxd4 9. Qd1 e5 $6 {Gilt als fragwürdig.} (9... Ne6 $5 10. Rc1 (10.
Qd2 b6 11. Bd3 Bb7 12. O-O O-O 13. Rad1 d6 14. Rfe1 Rc8 15. f3 Re8 16. Bf1 Nc5
17. Rc1 Bc6 18. b3 a6 19. Red1 Rb8 20. Nd5 Ba8 21. Qf2 Nd7 22. Bg5 $16 {
Davies,N-Ekstroem,R Katrineholm 1995 1-0 49 - CBM 49}) 10... Qa5 11. Qd2 (11.
Be2 b6 12. O-O Bb7 13. f3 h5 14. Rf2 g5 15. Bf1 Bxc3 16. Rxc3 g4 17. f4 Bxe4
18. f5 g3 19. hxg3 Nc5 20. Ra3 Qb4 21. Qd4 Rg8 22. Bd2 $18 {Chandler,M-Larsen,
B Hastings 1990 1-0 27}) 11... b6 12. b3 Bb7 13. Nd5 Qxd2+ 14. Kxd2 Rc8 15. b4
(15. f3 Bd4 16. Be2 d6 17. f4 Bxe3+ 18. Kxe3 Nc5 19. b4 Nxe4 20. Kxe4 e6 21.
Kd4 exd5 22. cxd5 $14 {Lalic,B-Vehi Bach,V Manresa (08) 1995 1/2 31 - CBM 49})
15... Nd4 16. Bd3 Nc6 17. c5 e6 18. cxb6 exd5 19. exd5 Ne5 20. Rxc8+ Bxc8 21.
bxa7 $10 {Levin,F-Lerner,K Berlin Summer op 1992 1-0 33}) (9... Nc6 $14) 10.
Bd3 (10. Nb5 $1 O-O 11. Qd2 Qe7 12. O-O-O (12. f3 f5 13. Bd3 d6 14. Bg5 Bf6 15.
Bxf6 Qxf6 16. Nxd4 exd4 17. O-O $16 {Emelin,V-Silman,J Budapest FS FebGM (07)
1-0 55 - CBM 40}) 12... Nxb5 13. cxb5 $14 {1/2 Ribli,Z-Kasparov,G Belfort WCup
1988}) 10... O-O 11. O-O d6 12. Nd5 (12. a4 Be6 (12... a6 13. a5 Be6 14. Nd5
Rc8 15. Nb6 Rc7 16. Bxd4 exd4 17. f4 $16 {Hebert,J-Sermek,D Cannes op (02)
1995 1-0 51 - EXP 46}) 13. Nb5 a6 14. Nxd4 exd4 15. Bd2 Rc8 16. b3 f5 17. exf5
Bxf5 18. Qf3 Qd7 19. Rfe1 Rf7 20. Bxf5 Rxf5 21. Qd3 $14 {Spraggett,K-Garcia,I
Candas op (01) 1992 1-0 41}) (12. Qd2 Be6 13. Rad1 (13. b3 Re8 14. Rad1 a6 15.
Bb1 Rc8 16. Bxd4 exd4 17. Ne2 Rc5 18. Nxd4 $18 {Stefansson,H-Yurtaev,L Gausdal
International (7) 1990 1-0 54}) (13. f4 exf4 14. Rxf4 Nc6 15. Be2 Ne5 16. b3 a6
17. Rd1 Qa5 18. Na4 Qxd2 19. Bxd2 $14 {Dvoirys,S-Stanec,N Oberwart op (6) 1992
1-0 57}) 13... Rc8 14. b3 a6 15. Ne2 (15. Bb1 $2 b5 16. cxb5 $4 Rxc3 $1 $19)
15... Nc6 (15... f5 $2 16. Bxd4 exd4 17. exf5 gxf5 18. Bb1 d5 19. cxd5 Qxd5 20.
Nxd4 Rfd8 21. Qg5 h6 22. Bxf5 hxg5 23. Bxe6+ Qxe6 24. Nxe6 $18 {Christ,
R-Sorensen,H Biel op (04) 1992 1-0 40}) 16. Bb1 b5 17. cxb5 axb5 18. Nc3 (18.
Qxd6 $2 Nd4 $19) 18... Qa5 19. Nd5 b4 $10 {Polugaevsky,L-Piket,J (5) Aruba m
1994 0-1 32}) (12. Rc1 Be6 13. b3 a6 14. Bb1 Rc8 15. Ne2 Nc6 16. Qd2 Qc7 17.
Rfd1 Rfd8 18. a4 Qa5 19. Rc3 $16 {Riemersma,L-Bosch,J Wijk Sonnevanck (07)
1995 0-1 63 - CBM 46}) 12... Be6 13. Qd2 Bxd5 (13... Qd7 14. f4 Bxd5 15. exd5
Nf5 16. Bxf5 Qxf5 $10 {Kievelitz,B-Espig,L Berlin Summer op 1992 1/2 32}) 14.
cxd5 Qb6 15. Rfc1 {King: The course of this game might make one believe that
White already stands better; however, Kallai improves his play at the first
opportunity.} (15. Rac1 Rac8 16. Rc3 Rc5 17. Rxc5 dxc5 18. Rc1 Rd8 19. Kh1 a6
20. Bc4 Qd6 21. a4 $14 {Farago,S-Kallai,G Budapest FS JunGM (08) 1995 0-1 69 -
CBM 49}) 15... f5 $2 (15... Rac8 16. Rc3 $14 (16. Rc3 {King} Rc5 $1 {See
Farago-Kallai - the next game in this database.})) 16. exf5 (16. f3 $2 Bh6 $1
17. Re1 $8 Bxe3+ 18. Qxe3 $15) 16... gxf5 17. Rc4 $1 $16 {Schwarz muß auf d4
mit dem P zurückschlagen und behält eine ruinierte P und K-Stellung.} Rf7 18.
Re1 f4 $2 {[%cal Rb1h7] Die Öffnung der /^ b1-h7 erleichtert die weiße Aufgabe
erheblich.} 19. Bxd4 exd4 {King: White has a bishop, Black doesn't.} 20. Qc2
Be5 21. Rc8+ $1 Rxc8 22. Qxc8+ Kg7 23. Rc1 $18 Bf6 (23... Qxb2 24. Qg4+ Kf6 25.
Qf5+ Kg7 26. Qg5+ Kf8 27. Rc8#) 24. Qh3 f3 (24... h6 25. Qf5 $18) 25. Rc8 (25.
Qxh7+ Kf8 26. Rc8+ Bd8 (26... Ke7 27. Qg8 Bg7 28. Bg6 $18) 27. Qh6+ Ke8 (27...
Rg7 28. Qf6+ $18) 28. Qe6+ Kf8 (28... Re7 29. Qg8+ Kd7 30. Bf5+ Re6 31. Qxe6#)
29. Bg6 Rf4 30. Qd7 $18) 25... Bd8 (25... h6 26. Qf5 Bd8 27. Qg6+ Kf8 28. Qxh6+
Ke8 29. Qe6+ Kf8 30. Bg6 $18) 26. Qxh7+ Kf8 27. Qh8+ Ke7 28. Bg6 d3 29. Qh4+
Kd7 30. Qg4+ (30. Qg4+ Ke8 31. Qe6+ Kf8 32. Qxf7#) 1-0

[Event "SUI Grand Prix"]
[Site "Suhr"]
[Date "1990.??.??"]
[Round "8"]
[White "Brunner, Lucas"]
[Black "Ekstroem, Roland"]
[Result "0-1"]
[WhiteElo "2525"]
[BlackElo "2405"]
[Annotator "Boensch,U"]
[PlyCount "56"]
[EventDate "1990.??.??"]
[EventType "tourn"]
[EventRounds "9"]
[EventCountry "SUI"]
[EventCategory "9"]
[SourceTitle "CBM 017"]
[Source "ChessBase"]
[SourceDate "1990.08.01"]
[SourceVersion "1"]
[SourceVersionDate "1990.08.01"]
[SourceQuality "1"]

1. d4 {Bönsch} Nf6 2. Nf3 g6 3. c4 c5 4. Nc3 cxd4 5. Nxd4 Bg7 6. e4 Nc6 7. Be3
Ng4 8. Qxg4 Nxd4 9. Qd1 e5 $5 {Meistens wird 9...Se6 gespielt.} 10. Nb5 O-O 11.
Nxd4 $2 (11. Qd2 Qh4 12. Bd3 d5 13. cxd5 Nxb5 14. Bxb5 Qxe4 15. O-O Rd8 16.
Rfd1 $16) 11... exd4 12. Bxd4 Qa5+ 13. Ke2 Re8 14. f3 d5 $1 15. Bxg7 (15. cxd5
Rxe4+ 16. fxe4 Bg4+ $19) 15... Rxe4+ 16. Kd3 (16. Kf2 Qc5+ 17. Kg3 Qe3 $19 {
-ECO}) 16... Rxc4 17. Ke3 (17. Bd4 Bf5+ 18. Ke3 Re8+ 19. Kf2 Rc2+ 20. Kg3 Rd2
$19) (17. Bc3 Bf5+ 18. Ke2 (18. Kd2 Rd4+ $19) 18... Qc5 19. Qb3 (19. Kd2 Rd4+
20. Bxd4 Qxd4+ 21. Ke1 Re8+ 22. Be2 Bd3 $19) 19... Re8+ 20. Kd1 Rd4+ 21. Bxd4
Qxd4+ 22. Bd3 Re3 $19) 17... Qc5+ 18. Kd2 Kxg7 19. Bxc4 dxc4 20. Qe1 Qg5+ 21.
Kc3 Qf6+ 22. Kc2 Bf5+ 23. Kc1 c3 $1 24. bxc3 Rc8 25. Kb2 Qb6+ 26. Kc1 Qa5 27.
Kb2 Qb5+ 28. Kc1 Qb4 0-1

[Event "URS-ch51 Final"]
[Site "Lvov"]
[Date "1984.04.22"]
[Round "14"]
[White "Eingorn, Vereslav S"]
[Black "Dorfman, Josif D"]
[Result "1-0"]
[WhiteElo "2475"]
[BlackElo "2515"]
[Annotator "Chekhov,V"]
[PlyCount "51"]
[EventDate "1984.04.03"]
[EventType "tourn"]
[EventRounds "17"]
[EventCountry "URS"]
[EventCategory "10"]
[SourceTitle "URS-ch"]
[Source "ChessBase"]
[SourceDate "1999.07.01"]
[SourceVersion "1"]
[SourceVersionDate "1999.07.01"]
[SourceQuality "1"]

1. d4 Nf6 2. Nf3 g6 3. c4 c5 4. Nc3 cxd4 5. Nxd4 Nc6 6. e4 Bg7 7. Be3 Ng4 8.
Qxg4 Nxd4 9. Qd1 Ne6 10. Rc1 (10. Qd2 d6 11. Rc1 Bd7 12. Bd3 a5 13. O-O Nc5 14.
Bb1 Bc6 15. f4 O-O 16. e5 b6 17. exd6 Qxd6 18. Qxd6 exd6 19. Rfd1 $14 {
Polugaevsky,L-Kapengut,A/URS-ch/1971/}) 10... Qa5 (10... b6 11. Bd3 Bb7 12. O-O
O-O 13. Bb1 Rc8 14. b3 d6 15. Qd2 a5 16. Nd5 Nc5 17. Bg5 f6 18. Be3 $14 {
Huebner,R-Hernandez,R/Las Palmas/1976/}) 11. Bd3 (11. Be2 d6 12. O-O Bd7 13.
Nd5 Bxb2 14. Rb1 Bg7 15. Rxb7 $16 {Shamkovich,L-Waterman,S/Lone Pine/1975/})
11... Bxc3+ (11... d6 12. O-O O-O 13. Bb1 Bd7 14. f4 Nc5 15. Nd5 $16 {Mednis,
E-Byrne,R/USA/1973/}) 12. Rxc3 Qxa2 13. Qc1 Qa5 14. O-O $6 (14. c5 $5 $44)
14... Qc7 $6 (14... d6 $5) (14... b6 $5) 15. c5 $1 O-O 16. f4 f5 (16... d6 17.
cxd6 (17. f5 Nxc5 18. b4 Nxd3) 17... Qxd6 18. f5 $36) 17. exf5 gxf5 18. Rf3 $1
$16 d5 19. cxd6 Qxd6 20. Rg3+ Kf7 $6 (20... Kh8 21. Bc4 Rg8 22. Rxg8+ Kxg8 23.
Qe1 $40) 21. Qd1 $18 Ke8 (21... Ng7 22. Bc4+ $18) 22. Bb5+ Bd7 23. Rd3 Bxb5 24.
Rxd6 exd6 25. Qxd6 Bc4 26. Bc5 1-0

[Event "POR-ch m"]
[Site "Barreiro"]
[Date "1996.??.??"]
[Round "4"]
[White "Damaso, Rui"]
[Black "Silva, Fernando"]
[Result "1/2-1/2"]
[WhiteElo "2415"]
[BlackElo "2365"]
[Annotator "Costa,L"]
[PlyCount "56"]
[EventDate "1996.??.??"]
[EventType "match"]
[EventRounds "6"]
[EventCountry "POR"]
[SourceTitle "EXT 1997"]
[Source "ChessBase"]
[SourceDate "1996.11.15"]
[SourceVersion "1"]
[SourceVersionDate "1996.11.15"]
[SourceQuality "1"]

1. e4 c5 2. Nf3 g6 3. d4 cxd4 4. Nxd4 Bg7 5. c4 Nc6 6. Be3 Nf6 7. Nc3 Ng4 8.
Qxg4 Nxd4 9. Qd1 Ne6 10. Rc1 Qa5 11. Qd5 Bxc3+ {[#]} 12. bxc3 $146 (12. Rxc3
Qxa2 13. Bc1 Qa4 14. Be2 d6 15. O-O Qc6 16. b3 a5 {1/2-1/2 Ivanov,MM-Nielsen,
PH/Bank Skak, Aars DEN (4) 1995}) 12... Qxa2 13. h4 a5 (13... O-O) 14. Bd3 Qa4
15. h5 g5 16. Bxg5 Qc6 17. Be3 d6 18. e5 Bd7 19. exd6 Qxd6 20. Be4 Bc6 21. Qf5
Bxe4 22. Qxe4 Nc5 23. Bxc5 Qxc5 24. O-O O-O 25. h6 Ra6 26. Qh4 Rg6 27. Rcd1 Qc6
28. Rd5 e5 1/2-1/2

[Event "BEL-chT 1718"]
[Site "Belgium"]
[Date "2017.10.01"]
[Round "2.3"]
[White "Spoelman, Wouter"]
[Black "Edouard, Romain"]
[Result "0-1"]
[WhiteElo "2586"]
[BlackElo "2607"]
[Annotator "Edouard,R"]
[PlyCount "44"]
[EventDate "2017.09.24"]
[EventType "team-tourn"]
[EventRounds "11"]
[EventCountry "BEL"]
[SourceTitle "CBM 181"]
[Source "ChessBase"]
[SourceDate "2017.11.10"]
[SourceVersion "1"]
[SourceVersionDate "2017.11.10"]
[SourceQuality "1"]
[WhiteTeam "Fontaine"]
[BlackTeam "KGSRL"]
[WhiteTeamCountry "BEL"]
[BlackTeamCountry "BEL"]

1. c4 c5 2. Nf3 g6 3. d4 cxd4 4. Nxd4 Nc6 5. e4 Bg7 6. Be3 Nf6 7. Nc3 Ng4 $5 {
The Breyer variation, that Panjawi recommends in his book.} 8. Qxg4 Nxd4 9. Qd1
e5 10. Bd3 (10. Nb5 d6 $1 $146 {is fine for Black, as Panjawi explains. For
example:} 11. Qd2 (11. Nxd4 exd4 12. Bxd4 Qa5+ 13. Ke2 Be5 $1 {gives Black
enough compensation, e.g.} 14. f3 $5 f5 $1 15. Qd3 $5 fxe4 16. Qxe4 Be6 $1 17.
Bxe5 dxe5 18. Kf2 O-O-O 19. Qe3 Rd2+ 20. Be2 Rhd8 $44) 11... Nxb5 12. cxb5 Be6
$1 (12... O-O $6 13. Bc4 $14) 13. Be2 (13. Rd1 Bxa2 14. Qb4 Be6 15. Rxd6 Qe7
16. Bc5 O-O $1 17. Rd1 Qf6 $44) 13... d5 14. exd5 Qxd5 15. Qxd5 Bxd5 16. O-O e4
$1 17. Rfd1 Be6 18. Rd2 (18. Bd4 O-O 19. Bxg7 Kxg7 $36 {0-1 (32)
Nemcova-Panjwani, Chicago 2014}) 18... O-O 19. a4 a6 20. bxa6 bxa6 21. a5 Rfb8
$5 22. Bb6 Rc8 $1 {/\ x...Bh6: 0-1 (39) Gorovets-Panjwani 0-1, Greensboro 2016}
) 10... O-O 11. O-O b6 $5 {Panjawi's side recommendation.} ({A few months
before, I lost to Van Wely using the move} 11... d6 {, but after} 12. a4 {
I played the dubious} a5 $6 (12... Be6 $1 13. a5 f5 $13) 13. Nb5 $14 {1-0 (35)
Van Wely,L (2663)-Edouard,R (2640) Chartres 2017}) 12. Ne2 $6 {Not the
greatest move, as Black is aiming for ...Ne6 anyway.} (12. Qd2 Bb7 13. Rad1 Ne6
14. Bb1 Bc6 15. b4 Rc8 $1 16. a3 Kh8 $1 17. Ba2 (17. c5 bxc5 18. bxc5 Qa5 $132)
(17. b5 Ba8 18. Qxd7 Qxd7 19. Rxd7 Rxc4 20. Nd5 Ra4 $11) 17... f5 18. exf5 gxf5
19. f3 (19. b5 f4 20. bxc6 fxe3 $13) 19... Qe8 20. Nd5 (20. b5 Ba8 21. Qxd7 e4
$132) 20... f4 21. Bf2 e4 $1 22. fxe4 Qh5 23. Rde1 Be5 $132 {is one of the
most interesting and critical lines.}) 12... Ne6 13. Qd2 Bb7 14. f3 $5 (14.
Rfd1 f5 15. f3 Rf7 {with the idea ...Bf8/...Bc5 is fine for Black.}) 14... f5
$6 (14... Re8 $5 {followed by ...Bf8 should be the simplest to equalise.}) 15.
Rad1 Qf6 ({I was not so convinced by} 15... Rf7 {with the a1-rook on d1,
instead of the f1 one, for example} 16. exf5 gxf5 17. Nc3 {and with the other
rook on d1, Black would go ...e4! fxe4 f4!.}) 16. c5 $6 {Not a bad move - but
there was no reason to go for something so optimistic.} (16. exf5 gxf5 17. Nc3
{was what I was expecting anyway, and I believe White should be slightly
better.}) 16... f4 $1 (16... bxc5 $6 17. Bc4 {would pose some problems due to
Bg5 ideas.}) 17. Bc4 $2 {A bad move order, trying to confuse Black!} (17. Bf2
bxc5 18. Bc4 Rfd8 19. Nc3 (19. Bxc5 d5) 19... Kh8) 17... d5 $1 {A nice shot!} (
17... fxe3 18. Qxd7 Bc8 19. Qc6 Rb8 20. Rd6 bxc5 21. Bxe6+ Bxe6 22. Rxe6 Qf7 {
is also better for Black.}) 18. c6 (18. cxd6 fxe3 $19) (18. exd5 fxe3 $19)
18... dxc4 19. cxb7 Rad8 20. Qc2 ({I was expecting} 20. b8=Q {but here Black
wins just playing} Rxd2 21. Qxf8+ Bxf8 22. Bxd2 Nc5 {followed by ...Nd3.})
20... fxe3 21. Qxc4 Qf7 22. Rxd8 Nxd8 (22... Nxd8 23. Qxf7+ Nxf7 24. Rc1 Nd6
$19) 0-1

[Event "Saint Louis Spring-A"]
[Site "Saint Louis"]
[Date "2018.03.07"]
[Round "2"]
[White "Bruzon Batista, Lazaro"]
[Black "Edouard, Romain"]
[Result "1/2-1/2"]
[WhiteElo "2673"]
[BlackElo "2612"]
[Annotator "Edouard,R"]
[PlyCount "100"]
[EventDate "2018.03.06"]
[EventType "tourn"]
[EventRounds "9"]
[EventCountry "USA"]
[EventCategory "17"]
[SourceTitle "CBM 184"]
[Source "ChessBase"]
[SourceDate "2018.05.16"]
[SourceVersion "1"]
[SourceVersionDate "2018.05.16"]
[SourceQuality "1"]

1. Nf3 c5 2. e4 g6 3. d4 cxd4 4. Nxd4 Nc6 5. c4 Bg7 6. Be3 Nf6 7. Nc3 Ng4 8.
Qxg4 Nxd4 9. Qd1 e5 {A line used a couple of times. The good side of it: there
isn't too much to remember. The bad side: if your opponent plays normal moves
you can't win!} 10. Bd3 {Definitely best.} ({People used to think} 10. Nb5 {
was right, with the idea to play cxb5 and Bc4, but after} d6 $1 11. Nxd4 {
(otherwise ...Nxb5 and ...Be6)} exd4 12. Bxd4 Qa5+ 13. Ke2 Be5 $1 $44 {Black
has compensation for the pawn.}) 10... O-O 11. O-O d6 12. Qd2 (12. Ne2 {
doesn't help White since after} Nc6 {the white knight will probably have to go
back to c3 sooner or later.}) (12. a4 $5 {has been the most popular try lately,
and even brought Ivan Saric the title of European Champion!} Be6 ({Against Van
Wely I played the dumb} 12... a5 $6 {and quickly got worse:} 13. Nb5 Bd7 14.
Bxd4 Bxb5 15. Be3 Bc6 16. f3 $14 {1-0 (35) Van Wely,L (2663)-Edouard,R (2640)
Chartres FRA 2017}) 13. a5 (13. Nb5 a6 $1 14. Nxd4 exd4 15. Bd2 Rc8 16. Rc1 f5
$11 {½-½ (22) Ferreira,J (2499)-Edouard,R (2607) Belgium BEL 2018}) 13... Qd7
(13... f5 $5 {also makes a lot of sense}) 14. Qa4 Qxa4 15. Rxa4 Rfc8 16. Nd5
Bxd5 17. exd5 Re8 (17... Nb3 $5) 18. Re1 f5 19. Kf1 Kf7 {and White's advantage
is very symbolic. In the decisive game of the European Championship 2018, a
few imprecise moves were played:} 20. b4 $6 {Black missed} Rac8 $6 (20... e4 $1
21. Bb1 b5 $1 $15) 21. Rc1 e4 22. Be2 Be5 23. g3 Rc7 $6 (23... Red8 $11) 24. c5
Rec8 25. Bxd4 Bxd4 26. c6 $36 {1-0 (67) Saric,I (2657)-Navara,D (2737) Batumi
GEO 2018}) 12... Be6 13. b3 (13. Nd5 Bxd5 14. cxd5 f5 {is always nearly
nothing for White.}) (13. f4 exf4 14. Bxf4 Qa5 $1 15. Bxd6 Rfd8 $44) 13... a6
14. Rad1 Qd7 $5 {Not the only move, 14...Rc8 or 14...Qc7 are also possible.}
15. Kh1 (15. Ne2 $5 $146 b5 $1 {That's the idea.} 16. Nxd4 (16. Bxd4 exd4 17.
cxb5 axb5 18. Bb1 d5 $1 19. Nxd4 dxe4 20. Bxe4 Rad8 $44) 16... exd4 17. Bh6
Bxh6 18. Qxh6 bxc4 19. Bxc4 Bxc4 20. bxc4 Qa7 21. Qd2 Rfc8 $1 22. Qxd4 Qxd4 23.
Rxd4 Rab8 {and Black will eventully reach a drawn rook endgame, with an extra
pawn for White but all pawns on the queenside.}) (15. f4 exf4 16. Bxf4 Nc6 $13)
15... b5 (15... Rac8 $5 {also made sense.}) 16. Nd5 Bxd5 17. cxd5 f5 18. Bxd4 (
18. f3 {was possible as well, but it's difficult to believe White can ever be
better:} Rac8 19. Rc1 fxe4 20. Bxe4 Rxc1 21. Rxc1 Rc8 $11) 18... fxe4 $1 (18...
exd4 19. exf5 gxf5 20. Rfe1 $16 {is highly unpleasant.}) 19. Bxe5 (19. Bxe4
exd4 $11) (19. Bxb5 Qxb5 20. Be3 Rac8 $11) 19... Bxe5 20. Bxe4 Qg4 21. Rde1 $6
{Allowing a cheapo.} (21. Qd3 Rac8 22. g3 Rc3 23. Qb1 Kg7 24. f4 Bf6 {Black
has compensation, but at least Whit could manage to play g3 and f4.}) (21. Rfe1
Rac8 22. Re2 Rfe8 23. Bf3 Qf5 24. Qe3 Re7 $44) (21. Bd3 Rf4 22. Qe2 Qxe2 23.
Bxe2 Raf8 24. Kg1 Bd4 25. Bf3 Bc5 $11) 21... Qh4 $1 22. g3 Bxg3 $1 23. fxg3
Rxf1+ 24. Rxf1 Qxe4+ {Now only Black can be better.} 25. Qg2 Qe7 26. Qd2 (26.
Qf2 {looked a bit risky but was forcing a draw:} Rf8 27. Qxf8+ Qxf8 28. Rxf8+
Kxf8 29. Kg2 Ke7 30. Kf3 Kf6 31. Kf4 $8 (31. Ke4 $2 Kg5 32. h3 b4 $1 $19) 31...
g5+ (31... h5 32. h3 b4 33. g4 $11) 32. Ke4 g4 33. Kf4 h5 34. b4 Kg6 35. Ke4
Kf6 $11) 26... Qe4+ 27. Qg2 Qe7 28. Qd2 Re8 29. Kg1 Qe5 30. Rc1 $2 (30. b4 $1 {
should be an easy draw.}) 30... a5 $1 {Now it's becoming very tricky for White.
With black pawns on a5 and b4 some rook endgames could be winning.} 31. Qd3 b4
32. Rc2 Qe3+ $2 {There wasn't such a hurry!} (32... Rf8 $1 33. Kg2 Rf5 34. Rd2
(34. Rc8+ Kg7 35. Rc7+ Kh6 $17) 34... h5 $40) 33. Qxe3 Rxe3 34. Kf2 (34. Rc8+
Kg7 35. Ra8 Re2 36. Rxa5 Kf6 {is safe for Black, but no more than a draw.})
34... Rd3 35. Ke2 Rxd5 36. Rc7 {With the black king cut off on the 8th rank,
winning chances are close to zero.} Re5+ (36... Rh5 37. h4 g5 {was the best
try:} 38. hxg5 Rh2+ 39. Kf3 Rxa2 40. Kg4 Ra3 41. Ra7 {with an easy draw.}) 37.
Kf3 h5 38. Rd7 Rd5 39. Ra7 g5 40. g4 hxg4+ (40... h4 41. h3 {doesn't look to
me like an improvement for Black.}) 41. Kxg4 Kf8 42. Kf3 Ke8 43. Ke4 Re5+ 44.
Kd4 Kd8 45. h3 Kc8 46. Kd3 Kb8 47. Rd7 Rd5+ 48. Kc4 Kc8 49. Ra7 Rc5+ 50. Kd4
Re5 1/2-1/2

[Event "Budapest FS02 GM"]
[Site "Budapest"]
[Date "1994.??.??"]
[Round "7"]
[White "Yemelin, Vasily"]
[Black "Silman, Jeremy D"]
[Result "1-0"]
[WhiteElo "2475"]
[BlackElo "2405"]
[Annotator "Ernst,T"]
[PlyCount "109"]
[EventDate "1994.02.??"]
[EventType "tourn"]
[EventRounds "13"]
[EventCountry "HUN"]
[EventCategory "9"]
[SourceTitle "CBM 040"]
[Source "ChessBase"]
[SourceDate "1994.06.01"]
[SourceVersion "1"]
[SourceVersionDate "1994.06.01"]
[SourceQuality "1"]

1. e4 c5 2. Nf3 Nc6 3. d4 cxd4 4. Nxd4 g6 5. c4 Bg7 6. Be3 Nf6 7. Nc3 Ng4 8.
Qxg4 Nxd4 9. Qd1 e5 10. Nb5 O-O 11. Qd2 Qe7 (11... Qh4 12. Bd3 d5 13. cxd5 Nxb5
14. Bxb5 Qxe4 15. O-O $16) 12. f3 $1 $146 (12. O-O-O Nxb5 13. cxb5 $13 {
Ribli,Z-Kasparov,G/Belfort WCup/1988/}) 12... f5 13. Bd3 d6 14. Bg5 Bf6 15.
Bxf6 Qxf6 16. Nxd4 exd4 17. O-O $16 Re8 18. Rad1 Bd7 19. Bb1 fxe4 20. fxe4 Qe5
21. Qxd4 Bc6 22. Qxe5 dxe5 23. Kf2 Rad8 24. Ke3 a5 25. Bc2 Kg7 26. Rxd8 Rxd8
27. Rd1 Rxd1 28. Bxd1 b6 29. a3 Kf6 30. b4 axb4 31. axb4 Ke7 32. c5 bxc5 33.
bxc5 Kd7 34. Bb3 Kc7 35. Bg8 h6 36. Bf7 g5 37. Kf3 Bd7 38. Bd5 Bc8 39. Kg3 Bd7
40. Ba8 Be6 41. h4 Bd7 42. Bd5 Bc8 43. hxg5 hxg5 44. Kf3 Bd7 45. Bb3 Bc8 46.
Ba4 Be6 47. Be8 Bc8 48. c6 $1 Kd6 49. Bd7 $18 Ba6 50. Kg4 Bf1 51. g3 Bg2 52.
Bf5 Kxc6 53. Kxg5 Kc5 54. Kf6 Kd4 55. g4 1-0

[Event "FRA-ch"]
[Site "Montpellier"]
[Date "1991.??.??"]
[Round "?"]
[White "Renet, Olivier"]
[Black "Apicella, Manuel"]
[Result "1-0"]
[WhiteElo "2485"]
[BlackElo "2455"]
[Annotator "Ernst,T"]
[PlyCount "118"]
[EventDate "1991.08.??"]
[EventType "tourn"]
[EventRounds "15"]
[EventCountry "FRA"]
[EventCategory "8"]
[SourceTitle "CBM 027"]
[Source "ChessBase"]
[SourceDate "1992.04.01"]
[SourceVersion "1"]
[SourceVersionDate "1992.04.01"]
[SourceQuality "1"]

1. e4 c5 2. Nf3 Nc6 3. d4 cxd4 4. Nxd4 g6 5. c4 Bg7 6. Be3 Nf6 7. Nc3 Ng4 8.
Qxg4 Nxd4 9. Qd1 Ne6 10. Rc1 b6 (10... Qa5 11. Be2 b6 12. O-O Bb7 13. f3 g5 14.
Rf2 $1 h5 15. Bf1 Qe5 16. Rd2 d6 17. Nd5 Kf8 18. b4 Bh6 19. Qb3 g4 20. Bxh6+
Rxh6 21. Qe3 Qg7 22. f4 $16 {Short - Larsen, Hastings 1987/8.}) 11. Bd3 Bb7 12.
O-O O-O 13. b4 Qe8 (13... Nd4 14. Bb1 Nc6 15. a3 d6 16. Qd3 Rc8 17. f4 $16 {
Suba - Taimanov, Bukarest 1979.}) 14. f4 f5 15. Nd5 Kh8 16. exf5 gxf5 17. Be2
Rg8 18. Bh5 Qf8 19. Rf2 Rc8 20. Bf3 Nc7 21. Rfc2 Na6 22. a3 e6 23. Nc3 Bxf3 24.
Qxf3 Rxc4 25. Qe2 $1 $44 d5 26. Nb5 Re4 27. Qd3 Bf6 28. g3 h5 29. Rc8 Qxc8 30.
Rxc8 Rxc8 31. Nd6 Rc7 (31... Rc3 32. Qxa6 Rexe3 33. Qxa7 $40) 32. Nxe4 fxe4 33.
Qxa6 d4 34. Bf2 {Die schwarzen Freibauern sind leicht zu stoppen.} Rc1+ 35. Kg2
e3 36. Bg1 Rc2+ 37. Kf3 Rc1 38. Bxe3 Rc3 39. Qxa7 Rxe3+ 40. Kf2 Kg8 41. Qxb6
$18 Kf7 42. a4 Ra3 43. a5 Ra2+ 44. Kf3 Ra3+ 45. Ke2 Ra2+ 46. Kd3 Ra3+ 47. Kc4
Rc3+ 48. Kb5 d3 49. Qe3 Be7 50. a6 Rb3 51. a7 Rxb4+ 52. Kc6 Ra4 53. Kb7 Rb4+
54. Kc8 Ra4 55. Kb7 Rb4+ 56. Kc7 Ra4 57. Kb8 Rb4+ 58. Kc7 Ra4 59. Kd7 Ra6 1-0